Щастие (Запис номер 431695)
[ съкратено ]
| 000 -Лидер | |
|---|---|
| Контролно поле с фиксирана дължина | nam a22 a 4500 |
| 003 - Код на организацията, давaща контролен номер | |
| Контролно поле | BLK |
| 005 - Дата и час на последна редакция | |
| Контролно поле | 20210914095941.0 |
| 008 - Елементи от данни с фиксирана дължина | |
| fixed length control field | 200316b bul|||||r ||||||| ||bul|| |
| 040 ## - Източник на каталожния запис | |
| Идентификатор на билиотеката - собственик на записа | BLK |
| 041 ## - Код за език | |
| Код за езика на текст/звукозапис или на отделно заглавие | Български |
| Код за езика КДБФ | Български |
| 080 ## - УДК | |
| Текстов определител УДК | Руска литература |
| УДК код - определител по УДК | 821.161.1 |
| УДК определител | -31 |
| УДК - код + определител | 821.161.1-31 |
| 100 ## - Редна дума - Автор | |
| Автор | Павленко, Пьотър Андреевич |
| Авторска отговорност | първи автор |
| R(LIN) | 276111 |
| 139 ## - Редно поле | |
| Редна дума | Павленко, Пьотър Андреевич |
| 245 10 - Сведения за заглавието | |
| Заглавие | Щастие |
| Подзаглавни данни | Роман |
| Редно поле (дума) | Пьотър Андреевич Павленко; прев. Татяна Киркова, Никола Толчев |
| 257 ## - Страна на издаване | |
| Страна на създаване/издаване | България |
| 260 ## - Област на издателските данни | |
| Място на издаване, разпространение и проч. | София |
| Име на издателя, разпространителя и проч. | БКП |
| Година на издаване | 1949 |
| 9 (RLIN) | 212206 |
| 300 ## - Физическа характеристика | |
| Страници | 316 с. |
| Размери/Мащаб | 21 см |
| 380 ## - Жанр | |
| Жанр | Худож. лит. |
| 700 ## - Други автори (авторска отговорност) | |
| Лично име | Киркова, Татяна |
| Автороска отговорност (Описва отношението между автора и произведението) | прев. |
| 9 (RLIN) | 966 |
| 700 ## - Други автори (авторска отговорност) | |
| Лично име | Толчев, Никола |
| Автороска отговорност (Описва отношението между автора и произведението) | прев. |
| 9 (RLIN) | 129939 |
| 760 1# - Описание на основната серия | |
| Редна дума на основното описание | Павленко, Пьотър Андреевич |
| Страници - том | 192 с. |
| Забележка - том | Цена в кумул.: 60 лв. |
| Заглавие | Кн. 2 |
| 852 ## - Местоположение | |
| Форматна сигнатура | Цб 8.210.33014 |
| Фондова буква | Основен фонд - ползва се само за читалня |
| 856 4# - Електронен адрес и достъп | |
| Електронен формат | pdf - файл |
| Път до файла /url/ | |
| 856 4# - Електронен адрес и достъп | |
| Електронен формат | pdf - файл |
| Път до файла /url/ | |
| 999 ## - СИСТЕМНИ КОНТРОЛНИ НОМЕРА | |
| Koha biblionumber | 431695 |
| Koha biblioitemnumber | 431695 |
| 942 ## - АРТИКУЛИ | |
| Вид на библиотечния материал | Книги |
| Скрит в OPAC | Не |
| Периодичен библиозапис | Да |
| 944 ## - СЪЗДАВАНЕ И РЕДАКЦИЯ на ЗАПИСА | |
| Създаване/Редакция | Създаване |
| Дата на регистрацията/редакция | 2021-09-14 |
| Служител, извършил регистрацията/редакцията | нр |
| Код за отписване | Код за изгубен артикул | Източник на класификационната схема | Код за повреда | Коз за рестрикции | Код за отдаване | Артикулен № | Име на библиотеката - собственик | Име на библиотеката, в която се намира в момента | Статус (Текущо местоположение) | Дата на вписване в системата | Местоположение - отдел | Цена в лева | Инвентарен номер | Систематично азбучна сигнатура | Баркод | Цена в евро | Служебен тип на артикула |
|---|---|---|---|---|---|---|---|---|---|---|---|---|---|---|---|---|---|
| Не е изгубен | Universal Decimal Classification | Не е повреден | само за читалня | ползва се в читалня | 852126 | Регионална библиотека "Любен Каравелов" Русе | Регионална библиотека "Любен Каравелов" Русе | Хранилище | 2021-09-15 | Основен фонд - ползва се само за читалня | 0.48 | 33014-б | Цб 8.210.33014 | 900000073745 | 0.25 | Книги |